LEADER 01210nam a2200301 u 4500 001 000000050542 003 CaOOAMICUS 005 20070226115233.0 008 000804s1982 sp u000 u spa u 035 $a10853693 040 $aPUL(R)$bita 041 1 $aspa$hger 100 1 $aRad, Gerhard von.$0(OLS)http://pul/name/5945 240 10$aErste Buch Mose : Genesis.$lSpagnolo.$0(OLS)http://pul/title/68018 245 13$aEl Libro del Genesis /$cGerhard von Rad. 250 $a2. ed. 260 $aSalamanca :$bEdiciones Sigueme,$c1982. 300 $a539 p. ;$c21 cm 490 1 $aBiblioteca de estudios bíblicos ;$v18 504 $aBibliografia in nota. 630 04$aBiblia.$pV.T.$pGenesis$xCritica e interpretazione.$0(OLS)http://pul/subject/2021 830 0$aBiblioteca de estudios bíblicos ;$v18.$0(OLS)http://pul/title/41176 850 $aPUL 852 $aPUL$W1$xDP1 Fondo Ciprotti$y59$m1534 D 36$j67008$nBK-PRI$b $qFondi$B67008$CPULBib$Z2$F67008 $H $81 941 1 $a1 961 $aINV: 0583. Fondo Ciprotti 996 $6245$aEl Libro del Genesis $9(OLS)http://pul/title/68019 996 $6260$aSalamanca :$bEdiciones Sigueme$9(OLS)http://pul/publisher/61322 LEADER 00912nam a2200217 a 4500 001 000000139186 003 CaOOAMICUS 005 20140710093010.0 008 140710s1916 it u000 u ita r 040 $aPUL$bita 100 1 $aCiuffa, Giuseppe.$0(OLS)http://pul/name/56506 245 12$aL'odierna guerra nell'Apocalisse di s. Giovanni /$cGiuseppe Ciuffa. 260 $aRoma :$bTipografia pontificia nell'Istituto Pio IX,$c1916. 300 $aXVI, 269 p. ;$c19 cm 630 04$aBiblia.$pN.T.$pApocalypsis$xCritica e interpretazione.$0(OLS)http://pul/subject/7796 850 $aPUL 852 $aPUL$W1$xDP1 Filosofia 1$y19$m603 D 31$j160791$qStampati$B160187$CPULBib$Z2$F160187 $82 941 1 $a8 996 $6245$aL'odierna guerra nell'Apocalisse di s. Giovanni$9(OLS)http://pul/title/176226 996 $6260$aRoma :$bTipografia pontificia nell'Istituto Pio IX$9(OLS)http://pul/publisher/53549